基督教新約倫理學 (Record no. 24)
[ view plain ]
| 000 -LEADER | |
|---|---|
| fixed length control field | 01775nam a2200289Ia 4500 |
| 003 - CONTROL NUMBER IDENTIFIER | |
| control field | OSt |
| 005 - DATE AND TIME OF LATEST TRANSACTION | |
| control field | 20241009152205.0 |
| 008 - FIXED-LENGTH DATA ELEMENTS--GENERAL INFORMATION | |
| fixed length control field | 200731s9999 xx 000 0 und d |
| 020 ## - INTERNATIONAL STANDARD BOOK NUMBER | |
| International Standard Book Number | 7511719562 |
| 020 ## - INTERNATIONAL STANDARD BOOK NUMBER | |
| International Standard Book Number | 9787511719560 |
| 040 ## - CATALOGING SOURCE | |
| Transcribing agency | GETS |
| 041 ## - LANGUAGE CODE | |
| Language code of text/sound track or separate title | chi |
| Language code of original | eng |
| 050 ## - LIBRARY OF CONGRESS CALL NUMBER | |
| Classification number | BS2545.E8 |
| Item number | .H3912 2014 |
| 100 ## - MAIN ENTRY--PERSONAL NAME | |
| Personal name | Hays, Richard B. |
| 245 ## - TITLE STATEMENT | |
| Title | 基督教新約倫理學 |
| Remainder of title | = The moral vision New Testament / |
| Statement of responsibility, etc. | 海斯 (Richard B. Hays) 著; 白陈毓华译 |
| 246 ## - VARYING FORM OF TITLE | |
| Title proper/short title | 基督教新约伦理学 |
| 260 ## - PUBLICATION, DISTRIBUTION, ETC. | |
| Place of publication, distribution, etc. | 北京: |
| Name of publisher, distributor, etc. | 中央编译出版社, |
| Date of publication, distribution, etc. | 2014 |
| 300 ## - PHYSICAL DESCRIPTION | |
| Extent | 756 p. : |
| Other physical details | ill. ; |
| Dimensions | 23 cm. |
| 500 ## - GENERAL NOTE | |
| General note | Translation of: The moral vision of the New Testament |
| 505 ## - FORMATTED CONTENTS NOTE | |
| Formatted contents note | <br/>描述工作 : 新約中的倫理生活意境 -- 保羅 : 與祂一同受苦 -- 保羅神學傳統的發展 -- 馬可福音 : 背起十架 -- 馬太福音 : 為天國受訓 -- 路加福音-使徒行傳 : 透過聖靈的能力得釋放 -- 約翰福音及約翰書信 : 彼此相愛 -- 附記 : [歷史的耶穌]在新約倫理學的角色 -- 啟示錄 : 與獸抗戰 -- 綜合工作 : 找出新約倫理意境的一貫性 -- 新約聖經中的多樣聲音 -- 三個焦點意象 : 群體, 十架, 新造 -- 詮釋工作 : 把新約聖經用在基督教倫理學上 -- 倫理學者如何使用聖經: 診斷性的問題 -- 五種代表性的詮釋策略 -- 我們如何使用聖經經文 : 幾項原則方案 -- 實踐工作 : 活出經文 : 案例演練 -- 為捍衛正義而訴諸暴力 -- 離婚及再婚 -- 同性戀 -- 反猶太主義和種族衝突 -- 墮胎 -- 結論 |
| 650 ## - SUBJECT ADDED ENTRY--TOPICAL TERM | |
| Topical term or geographic name entry element | Bible. -- New Testament -- Criticism, interpretation, etc. |
| 650 ## - SUBJECT ADDED ENTRY--TOPICAL TERM | |
| Topical term or geographic name entry element | Christian ethics. |
| 650 ## - SUBJECT ADDED ENTRY--TOPICAL TERM | |
| Topical term or geographic name entry element | Ethics in the Bible. |
| 700 ## - ADDED ENTRY--PERSONAL NAME | |
| Personal name | 海斯 |
| 700 ## - ADDED ENTRY--PERSONAL NAME | |
| Personal name | 白陈毓华 |
| 942 ## - ADDED ENTRY ELEMENTS (KOHA) | |
| Koha item type | Chinese Book |
| Source of classification or shelving scheme | |
| Withdrawn status | Lost status | Source of classification or shelving scheme | Damaged status | Not for loan | Home library | Current library | Shelving location | Date acquired | Total Checkouts | Full call number | Barcode | Date last seen | Date last checked out | Price effective from | Koha item type | Copy number |
|---|---|---|---|---|---|---|---|---|---|---|---|---|---|---|---|---|
| Library of Congress Classification | GETS Theological Seminary Library | GETS Theological Seminary Library | General Stacks | 10/16/2018 | 1 | BS2545.E8 .H3912 2014 | 00000024 | 02/21/2019 | 02/21/2019 | 10/16/2018 | Chinese Book | |||||
| Library of Congress Classification | GETS Theological Seminary Library | GETS Theological Seminary Library | General Stacks | 12/21/2020 | 1 | BS2545.E8 .H3912 2014 | 00022759 | 10/25/2024 | 07/31/2024 | 12/21/2020 | Chinese Book | c. 2 |